The Testament of Dr. Mabuse = Das Testament des Dr. Mabuse /

Saved in:
Bibliographic Details
Main Author: Lang, Fritz (realización)
Other Authors: Lang, Fritz (guión) (guión), Harbou, Thea von (guión) (guión), Wagner, Fritz Arno (fotógrafo) (fotógrafo), Vash, Karl (fotógrafo) (fotógrafo), Kothe, Hans (vestuario) (vestuario), Wolff, Lothar (montaje) (montaje), Molo, Conrad von (montaje) (montaje), Erdmann, Hans (música) (música), Klein-Rogge, Rudolf (actuación) (actuación), Wernicke, Otto (actuación) (actuación), Beregi, Oskar (actuación) (actuación), Kalat, David (comentarios) (comentarios)
Format: Slide
Language:German
Published: Berlín, Alemania : Nero Film, 1933, c1933
Edition:Edición especial
Series:(Criterion Collection ; 231/1)
Subjects:
Tags: Add Tag
No Tags, Be the first to tag this record!

MARC

LEADER 00000ngm^a2200000^a^4500
001 000179508
005 20250521000000.0
009 20260526130109.415
020 |a 0-78002-798-1 
037 |a Acervo ITESO - Biblioteca 
041 |a ALE 
082 |a 808. 8  |b CRI V. 231 T. 1 
100 |a Lang, Fritz  |e (realización) 
240 1 1 |a [Doctor Mabuse] 
240 1 4 |a [El testamento del Dr. Mabuse] 
240 1 5 |a [The Testament of Dr. Mabuse] 
245 1 4 |a The Testament of Dr. Mabuse =  |b Das Testament des Dr. Mabuse /  |c Realización de F. Lang. 
246 2 |a Título en México: El testamento del Dr. Mabuse 
250 |a Edición especial 
264 4 |a Berlín, Alemania :  |b Nero Film,  |c 1933, c1933 
264 2 |a Nueva York, EUA :  |b Criterion Collection [distribución],  |c 2004, c2004 
300 |a 1 DVD sin dato de región (121 min.) :  |b blanco y negro 
336 |a imagen móvil bidimensional  |b tdi  |2 rdacontenido 
337 |a video  |b v  |2 rdamedio 
338 |a videodisco  |b vd  |2 rdasoporte 
440 1 |a (Criterion Collection ;  |v 231/1) 
500 |a Basado en: Norbert Jacques 
546 |a En alemán, con subtítulos opcionales: inglés 
586 |a Mejores Películas del Cine Alemán: Encuesta de la Asociación de Cinematecas Alemanas (1994): 35ª 
649 |a XX 
650 |a Enfermos Mentales en el Cine 
650 |a Películas Policíacas 
650 |a Alegoría en el Cine 
650 |a Cine Social y Político 
650 |a Cine Expresionista 
650 |a Cine en Blanco y Negro -  |z Alemania 
650 |a Cine Alemán -  |y 1930-1939 
650 |a Cine Alemán -  |y Siglo XX 
650 |a Novela Alemana -  |x Adaptaciones para Cine 
650 |a Literatura Alemana -  |y Siglo XX -  |x Adaptaciones para Cine 
650 |a Literatura y Cine 
650 |a Hospitales Psiquiátricos en el Cine 
650 |a Psicopatología 
650 |a Crimen Organizado 
650 |a Bien y Mal 
650 |a Nazismo -  |z Alemania -  |x Historia 
650 |a Política -  |z Alemania -  |x Historia -  |y Tercer Reich, 1933-1945 
650 |a Alemania -  |x Historia -  |y Tercer Reich, 1933-1945 
650 |a Alemania -  |x Historia -  |y Siglo XX 
700 |a Lang, Fritz  |e (guión) 
700 |a Harbou, Thea von  |e (guión) 
700 |a Wagner, Fritz Arno  |e (fotógrafo) 
700 |a Vash, Karl  |e (fotógrafo) 
700 |a Kothe, Hans  |e (vestuario) 
700 |a Wolff, Lothar  |e (montaje) 
700 |a Molo, Conrad von  |e (montaje) 
700 |a Erdmann, Hans  |e (música) 
700 |a Klein-Rogge, Rudolf  |e (actuación) 
700 |a Wernicke, Otto  |e (actuación) 
700 |a Beregi, Oskar  |e (actuación) 
700 |a Kalat, David  |e (comentarios) 
910 |a Fondo General 
920 |a Audiovisuales - DVDs 
940 |a Películas 
905 |a 308 
901 |a 0500088013  |b IT2  |c DVR  |u 20250521 
902 |a https://opac.biblio.iteso.mx/vufind/Record/000179508